000 00663nam a2200289Ia 4500
005 20260324144640.0
008 008 260324s9999 xx 000 0 eng d
020 _a9780429235696
037 _aEBOOK
040 _aCRL
040 _beng
040 _cCRL
041 _2eng
041 _aeng
084 _qCRL
100 _aJack Zipes
245 0 _aVictorian Fairy Tales
245 4 _bThe Revolt of the Fairies and Elves
260 _bTaylor and Francis
260 _c1987
365 _a
365 _b280
856 _uhttp://www.taylorfrancis.com/books/9780429235696
942 _cEBOOK
999 _c1826973
_d1826973